| 000 | 00529nam a2200193Ia 4500 | ||
|---|---|---|---|
| 008 | 240509s9999 xx 000 0 und d | ||
| 020 | _a0008131707776 | ||
| 041 | _aEng | ||
| 082 | _a004.62 | ||
| 082 | _bV15 | ||
| 100 | _aVANGHI, V & DAMNJANOVIC, A. & VOJCIC, B.: | ||
| 245 | 4 | _aTHE CDMA2000 SYSTEM FOR MOBILE COMMUNICATIONS | |
| 260 | _bNEW DELHI : PEARSON EDUCATION | ||
| 260 | _c2004 | ||
| 300 | _a501 p. | ||
| 650 | _aCODE-DIVISION MULTIPLE ACCESS : MOBILE COMMUNICATIONS : CDMA | ||
| 942 | _2ddc | ||
| 942 | _cRBK | ||
| 999 |
_c23143 _d23143 |
||
| 945 |
_a1 _bMadushi Gamage _c1 _dMadushi Gamage |
||